Adding value to your home (Record no. 107165)
[ view plain ]
| 000 -LEADER | |
|---|---|
| fixed length control field | 01144cam a22002415a 4500 |
| 001 - CONTROL NUMBER | |
| control field | L138443 |
| 008 - FIXED-LENGTH DATA ELEMENTS--GENERAL INFORMATION | |
| fixed length control field | 070606s2007 xxk f 000 0 eng d |
| 020 ## - INTERNATIONAL STANDARD BOOK NUMBER | |
| International Standard Book Number | 9780117021693 |
| 035 ## - SYSTEM CONTROL NUMBER | |
| System control number | (Sirsi) u138443 |
| 041 0# - LANGUAGE CODE | |
| Language code of text/sound track or separate title | eng |
| 050 04 - LIBRARY OF CONGRESS CALL NUMBER | |
| Classification number | 346.4104346 $2 18 |
| 100 1# - MAIN ENTRY--PERSONAL NAME | |
| Personal name | Radford, David |
| 245 00 - TITLE STATEMENT | |
| Title | Adding value to your home |
| Remainder of title | a guide to extending your lease or buying your freehold |
| 260 ## - PUBLICATION, DISTRIBUTION, ETC. | |
| Place of publication, distribution, etc. | London |
| Name of publisher, distributor, etc. | The Stationery Office Books |
| Date of publication, distribution, etc. | 2007 |
| 300 ## - PHYSICAL DESCRIPTION | |
| Extent | 42p. |
| Dimensions | 21cm. |
| 350 ## - PRICE (NR) (BK AM CF MU VM SE) [OBSOLETE] | |
| Price | 12.99 |
| 520 ## - SUMMARY, ETC. | |
| Summary, etc. | Enfranchisement legislation now enables the purchase of a freehold or the extension of a lease. Summarises the three main types of enfranchisement and gives examples of leasehold enfranchisement valuations. Explains the criteria which must be satisfied before a claim can be submitted and describes the procedure involved from the service of a claim to the completion of a purchase. Also provides a guide to the basis on which the premium payable to the landlord is calculated. |
| 590 ## - LOCAL NOTE (RLIN) | |
| Local note | KA |
| 651 #4 - SUBJECT ADDED ENTRY--GEOGRAPHIC NAME | |
| Geographic name | United Kingdom |
| Chronological subdivision | |
| 690 ## - LOCAL SUBJECT ADDED ENTRY--TOPICAL TERM (OCLC, RLIN) | |
| Topical term or geographic name as entry element | PROPERTY-LANDLORD AND TENANT-LEASES-LEASEHOLD ENFRANCHISEMENT |
| 942 ## - ADDED ENTRY ELEMENTS (KOHA) | |
| Suppress in OPAC | 0 |
| Withdrawn status | Lost status | Source of classification or shelving scheme | Damaged status | Not for loan | Home library | Current library | Shelving location | Date acquired | Total Checkouts | Full call number | Barcode | Date last seen | Date last checked out | Copy number | Price effective from | Koha item type |
|---|---|---|---|---|---|---|---|---|---|---|---|---|---|---|---|---|
| Dewey Decimal Classification | London | London | Books | 20/08/2007 | 15 | 346.4104346 RAD | 30073965 | 06/08/2019 | 27/08/2009 | 1 | 06/08/2019 | Book |